| 000 | 01539nam a2200217Ia 4500 | ||
|---|---|---|---|
| 999 |
_c28824 _d28824 |
||
| 003 | OSt | ||
| 005 | 20201216123336.0 | ||
| 008 | 160316s2010 xxu||||| |||| 00| 0 eng d | ||
| 020 | _a9780521192897 | ||
| 040 | _cNLS | ||
| 082 |
_a342.7302 _bMCD |
||
| 100 | _aMcDowell Gary L | ||
| 245 | _aThe language of law and the foundations of American constitutionalism | ||
| 260 |
_aCambridge _bCambridge University Press _c2010 |
||
| 300 |
_a409p _cix |
||
| 365 | _b Rs. 1,573 | ||
| 505 | _aTable of Contents: Preface; Acknowledgments; Introduction: The Politics of Original Intention; The Constitution and the Scholarly Tradition: Recovering the Founders's Constituion; Nature and the Language of Law: Thomas Hobbes and the Foundations of Modern Constitutionalism; Language, Law, and Liberty: John Locke and the Structures of Modern Constitutionalism; The Limits of Natural Law: Modern Constitutionalism and the Science of Interpretation; The Greatest Improvement on Political Institutions: Natural Rights, the Intentions of the People, and Written Constitutions; Chains of the Constitution: Thomas Jefferson, James Madison, and the "Political Metaphysics" of Strict Construction; The Most Sacred Rule of Interpretation: John Marshall, Originalism, and the Limits of Judicial Power; The Same Yesterday, Today, and Forever: Joseph Story and the Permanence of Constitutional Meaning; Epilogue: The Moral Foundations of Originalism; Index; | ||
| 650 | _a1. Constitutional Law - U S A | ||
| 700 |
_a _a |
||
| 942 |
_2ddc _cBK |
||